|
|
|
|
| LEADER |
02410cas a2200253 a 4500 |
| 001 |
AALejournalIMF010985 |
| 008 |
230101c9999 xx r poo 0 0eng d |
| 020 |
|
|
|c 15.00 USD
|
| 020 |
|
|
|z 9781589068636
|
| 022 |
|
|
|a 2617-670X
|
| 040 |
|
|
|a BD-DhAAL
|c BD-DhAAL
|
| 100 |
1 |
|
|a Lamdany, Ruben.
|
| 245 |
1 |
0 |
|a Studies of IMF Governance :
|b A Compendium /
|c Ruben Lamdany, Leonardo Martinez-Diaz.
|
| 264 |
|
1 |
|a Washington, D.C. :
|b International Monetary Fund,
|c 2009.
|
| 300 |
|
|
|a 1 online resource (378 pages)
|
| 490 |
1 |
|
|a Independent Evaluation Office Reports
|
| 500 |
|
|
|a <strong>Off-Campus Access:</strong> No User ID or Password Required
|
| 500 |
|
|
|a <strong>On-Campus Access:</strong> No User ID or Password Required
|
| 506 |
|
|
|a Electronic access restricted to authorized BRAC University faculty, staff and students
|
| 520 |
3 |
|
|a The papers in this volume draw on background work done in preparation for the study Governance of the IMF: An Evaluation, Independent Evaluation Office, International Monetary Fund, May 28, 2008 (available at http://www.ieo-imf.org). This compilation presents in one collection the most recent work to date on the subject of governance of the IMF and contributes to the ongoing dialogue on how best to strengthen the governance of this important global institution. Good governance can contribute to the IMF's legitimacy by ensuring appropriate voice and representation for the membership, by allowing the Fund to fulfill its mandates effectively and efficiently, and by facilitating accountability for relevant stakeholders. Three main conclusions follow from the studies in this volume. First, to strengthen its legitimacy and effectiveness, the Fund needs greater, higher level and more transparent involvement of member country authorities in its governance. Second, the Board needs to play a stronger role in strategy development and oversight, which requires a shift away from the day-to-day business of the organization. Finally, there are significant accountability gaps that need to be addressed if the IMF is to remain effective and regain legitimacy.
|
| 538 |
|
|
|a Mode of access: Internet
|
| 700 |
1 |
|
|a Martinez-Diaz, Leonardo.
|
| 830 |
|
0 |
|a Independent Evaluation Office Reports; Independent Evaluation Office Reports
|
| 856 |
4 |
0 |
|z Full text available on IMF
|u http://elibrary.imf.org/view/books/017/10136-9781589068636-en/10136-9781589068636-en-book.xml
|z IMF e-Library
|